| 000 | 00782nam1a22002411i 4500 | ||
|---|---|---|---|
| 001 | rc\3713100 | ||
| 005 | 20240726051957.0 | ||
| 035 | _a(NLR Aleph) 007769624 | ||
| 090 |
_a7454378 _c7454378 |
||
| 100 | _a20130115d1973 |||y0rusy50 ca | ||
| 101 | 0 | _arus | |
| 102 | _aRU | ||
| 105 | _a j ||||| | ||
| 200 | 1 |
_aТеория электромагнитного поля и распространение радиоволн _e[Учебник] _eЧ. 2- _fВоен. акад. связи |
|
| 210 |
_aЛенинград _cБ. и. _d1973 |
||
| 215 | _d23 | ||
| 333 | _aДля внутривед. продажи | ||
| 700 | 1 |
_aСерков _bВ.П. |
|
| 701 | 1 |
_aСлюсарев _bП.В. |
|
| 801 | 0 |
_aRU _bNLR _gpsbo |
|
| 801 | 1 |
_aRU _bELAR _2rusmarc |
|
| 852 |
_aNLR _j73-50К/4116 |
||
| 942 | _cBOOK | ||